[Event "11th Tal Memorial Blitz 2018"]
[Site "Moscow"]
[Date "2018.03.05"]
[Round "4"]
[White "Morozevich, Alexander"]
[Black "Karjakin, Sergey"]
[Result "0-1"]
[WhiteElo "2665"]
[BlackElo "2868"]
[Annotator "TA"]
[PlyCount "106"]
[EventDate "2018.??.??"]
[EventType "blitz"]
[EventCountry "RUS"]
[SourceTitle "playchess.com"]
[Source "ChessBase"]
[SourceQuality "1"]

{[%evp 21,105,5,8,16,16,8,30,16,28,25,29,-51,-7,-17,60,41,48,25,32,29,27,36,51,50,52,3,11,-22,-4,-24,0,0,0,0,0,-94,-115,-89,-88,-116,-102,-116,-113,-119,-95,-105,-100,-179,-143,-135,-113,-166,-50,-107,-118,-117,-104,-154,-119,-154,-150,-145,-135,-155,-4,-190,-188,-329,-285,-278,-104,-337,-336,-406,-428,-594,-594,-594,-594,-612,-569,-1779,-1713,-29980,-29979,-29999]} 1. d4 Nf6 2. c4 e6 3. Nc3 Bb4 4. Qc2 d5 5. cxd5 Qxd5 6. Nf3 Qf5 7. Qb3 Nc6 {E34: Nimzo-Indian: Classical: 4...d5} 8. Bd2 O-O 9. h3 a5 10. g4 Qg6 11. a3 a4 {LiveBook: 8 Games} 12. Qc4 Bxc3 13. Bxc3 Nd5 {[#]} 14. Rc1 $146 (14. Bd2 Bd7 15. Bg2 {½-½ (100) Morozevich,A (2760)-Karjakin,S (2782) Moscow 2013}) ({Find the theoretical novelty and annotate with similar games:} 14. Bd2 f6 15. Rc1 {½-½ (44) Kasparov,G (2812)-Karjakin,S (2773) Saint Louis 2017}) 14... f6 15. Rg1 Bd7 16. g5 (16. h4 $11) 16... Kh8 17. Bd2 Na5 (17... fxg5 $11 18. Rxg5 Qf6) 18. Qc2 $14 Qh5 19. gxf6 gxf6 20. Bxa5 Rxa5 21. Rg3 Bc6 22. Qd2 Raa8 23. Rc5 Rg8 24. Rxg8+ Rxg8 25. Nh2 {[#] Threatens to win with e4.} Qf5 26. Ng4 {aiming for Nh6.} Qb1+ 27. Rc1 Qg6 28. f3 (28. Qh6 $11 {keeps the balance.}) 28... f5 $17 29. Ne5 Qg3+ 30. Kd1 f4 $36 {[%mdl 2048] Strongly threatening ...Ne3+. Black is in control.} 31. Kc2 Be8 32. Kb1 Qf2 33. h4 Qxh4 34. Ka2 (34. Qa5 $17 {was necessary.}) 34... Rg1 35. Qa5 Qe7 36. Nd3 (36. Rb1 $17) 36... Bc6 (36... b6 $19 37. Qa8 Kg7) 37. Bh3 (37. Nxf4 $1 $15 Qg5 38. Qa8+ Qg8 39. Qxg8+ Kxg8 40. Nxd5 exd5 41. Kb1) 37... Rxc1 38. Nxc1 e5 39. dxe5 Qxe5 40. Qc5 {[%cal Rc5f8] [#]} Kg7 $1 41. Qg1+ Kf7 42. Qh2 h5 $2 (42... Qg5 $17 {With the idea ...h5.} 43. Nd3 h5) 43. Nd3 $2 (43. e4 $1 $11 {and White is okay.}) 43... Qg5 $19 44. Qf2 (44. Bc8 $142) 44... Ne3 45. Qh2 Qg3 $2 (45... Bd5+ $19 {and Black stays clearly on top.} 46. Ka1 Qg3) 46. Qh1 $2 (46. Be6+ $17 {is the only way for White.} Kf6 47. Qxh5 Kxe6 48. Qe5+ Kf7 49. Qxc7+ Kg8 50. Nxf4) 46... Bb5 47. Nc5 {and if Be6+ works, White does fine.} Qg5 48. Ne4 Qd5+ 49. Ka1 {Now Nc3 and White clings on.} Bxe2 50. Nc3 Qxf3 51. Qh2 Bc4 52. Nb1 Qg3 53. Qh1 Nc2# {Precision: White = 30%, Black = 46%.} 0-1

[Event "11th Tal Memorial Blitz 2018"]
[Site "Moscow"]
[Date "2018.03.05"]
[Round "6"]
[White "Grischuk, Alexander"]
[Black "Gelfand, Boris"]
[Result "1-0"]
[WhiteElo "2846"]
[BlackElo "2745"]
[Annotator "TA"]
[PlyCount "90"]
[EventDate "2018.??.??"]
[EventType "blitz"]
[EventCountry "RUS"]
[SourceTitle "playchess.com"]
[Source "ChessBase"]
[SourceQuality "1"]

{[%evp 18,90,0,4,16,9,27,15,41,37,39,15,17,22,17,16,20,22,22,14,25,7,30,0,0,-3,0,0,0,0,10,-5,0,-104,-80,-141,-99,-81,-59,-70,25,32,3,18,15,0,0,0,208,0,0,0,39,57,102,112,104,108,151,104,136,136,138,129,152,79,89,79,94,86,29992,97,29992,29993,29995]} 1. g3 c5 2. Bg2 g6 3. e4 Bg7 4. Nf3 {[%cal Bg1f3,Bf3d2,Bd2c4][%mdl 32]} Nc6 5. O-O d6 6. d3 e5 7. Nc3 Nge7 8. Nd2 O-O 9. Nc4 Be6 10. Nd5 Kh8 {B25: Closed Sicilian: 3 g3, lines without early Be3} (10... Qd7 11. a4 f5 12. c3 Bf7 13. Nxe7+ Nxe7 14. exf5 gxf5 15. Re1 Ng6 16. h4 d5 17. h5 dxc4 18. hxg6 hxg6 19. dxc4 Qc7 {½-½ (19) Maiwald,J (2453)-Vorobiov,E (2575) Dresden 2015}) 11. c3 Qd7 12. a4 f5 {The position is equal.} 13. a5 Bg8 $146 ({Predecessor:} 13... Rae8 14. Qa4 Rd8 15. a6 bxa6 16. Bg5 h6 17. Bxe7 Nxe7 18. Qxd7 Rxd7 19. Rxa6 Nc8 20. Bh3 Bxd5 21. exd5 h5 22. Rc6 Rfd8 23. Bg2 Kh7 {½-½ (23) Bravo Lutz,S (2187)-Koehler,R (2262) Germany 2006}) 14. Nxe7 Nxe7 15. Qa4 Rad8 16. Bg5 Bf6 17. Bxf6+ Rxf6 18. exf5 gxf5 19. Nd2 Ng6 20. b4 Qg7 21. Kh1 cxb4 22. Qxb4 d5 23. Rab1 Rd7 24. Qc5 Rc6 25. Qa3 (25. Qxa7 $11 {keeps the balance.} Rxc3 26. Rb3) 25... e4 $1 $17 26. d4 ({Better is} 26. Nb3) 26... f4 27. c4 f3 28. Bh3 Be6 (28... Rdc7 $1 $15 29. cxd5 Bxd5) 29. Bxe6 $11 Rxe6 30. cxd5 Rxd5 31. Qc3 Rc6 32. Qe3 Rxd4 $2 {[#]} (32... Qxd4 $11 {and Black is okay.} 33. Nxe4 Qxe3 34. fxe3 Re6) 33. Rfc1 $2 (33. Nxe4 Re6 $17) (33. Rxb7 $1 $18 {[%mdl 512]} Qe5 (33... Qxb7 34. Qxd4+) 34. Rxa7) 33... Rd3 34. Qe1 $1 e3 35. Rxc6 bxc6 36. Rb8+ Nf8 37. Nxf3 {Black must now prevent Qb4.} Qf6 38. Qe2 Ra3 {Threatening ...exf2.} 39. fxe3 Rxa5 40. Kg2 $40 {[%mdl 128] White is out for blood.} Rd5 41. Nd4 (41. Ra8 $142) 41... Rd8 $16 42. Rxd8 Qxd8 43. Nxc6 Qd4 $2 {[%mdl 8192] [#]} (43... Qd5+ $16 44. Qf3 Qd2+ 45. Kh3 (45. Qf2 Qxf2+ 46. Kxf2 a6 $16) 45... Qd7+ 46. g4 Ng6) 44. Qf3 $2 (44. exd4 {mates} Ng6 45. d5 h5 46. d6 h4 47. Ne7 Kg7 48. Qg4 h3+ 49. Kxh3 Kf6 50. Qf5+ Kg7 51. Qxg6+ Kh8 52. Qh6#) 44... Qd5 $2 {[%mdl 8192]} (44... Qd2+ $16 45. Kh3 (45. Qf2 Qxf2+ 46. Kxf2 a6 $16) 45... Qd7+ 46. Kg2 Qd2+ 47. Kh3 (47. Qf2 Qxf2+ 48. Kxf2 a6 $16) 47... Qd7+ 48. Kg2 Qd2+) 45. Qxd5 a6 {Precision: White = 49%, Black = 35%.} 1-0

[Event "11th Tal Memorial Blitz 2018"]
[Site "Moscow"]
[Date "2018.03.05"]
[Round "6"]
[White "Nakamura, Hikaru"]
[Black "Andreikin, Dmitry"]
[Result "1-0"]
[WhiteElo "2842"]
[BlackElo "2712"]
[Annotator "TA"]
[PlyCount "89"]
[EventDate "2018.??.??"]
[EventType "blitz"]
[EventCountry "RUS"]
[SourceTitle "playchess.com"]
[Source "ChessBase"]
[SourceQuality "1"]

{[%evp 10,89,12,7,19,-3,0,0,0,-5,-8,-12,0,-13,0,-10,0,0,0,0,0,0,3,0,2,4,4,0,16,14,14,11,29,22,43,43,34,13,40,34,45,16,36,19,59,49,62,57,125,20,33,15,45,0,39,15,26,0,83,79,140,158,42,12,34,34,39,42,38,7,15,0,0,0,0,0,0,0,29997,29998,29998,29999]} 1. b3 e5 2. Bb2 Nc6 3. e3 g6 4. d4 exd4 5. Nf3 Bg7 6. Nxd4 {LiveBook: 6 Games. A01: Nimzowitsch-Larsen Opening} Nf6 7. Be2 (7. Nc3 O-O 8. Be2 Ne7 9. g4 d5 10. g5 Ne4 11. Nxe4 dxe4 12. Qc1 c5 {½-½ (33) Bok,B (2591)-Adhiban,B (2674) Berlin 2015}) 7... O-O 8. O-O {The position is equal.} Nxd4 9. Bxd4 d5 10. c4 dxc4 $146 ({Predecessor:} 10... Be6 11. Nd2 Qe7 12. Qc1 c5 {½-½ (73) Afifi,A (2326)-Velicka,P (2451) Cairo 2001}) 11. Bxc4 Qd6 12. Bb2 Ne4 13. Bxg7 Kxg7 14. Qxd6 Nxd6 15. Be2 c5 16. Rd1 Rd8 17. Nc3 Be6 18. e4 b6 19. f3 {[%cal Bf2f3,Bf3f4,Bf4f5][%mdl 32]} Kf8 20. Kf2 Nb7 21. Nb5 Ke7 22. f4 Nd6 23. Nc3 Rac8 24. g4 f6 25. f5 Bf7 26. Ke3 Ne8 27. h4 Rxd1 28. Rxd1 Rd8 (28... c4 $14) 29. Rf1 (29. Rxd8 $16 Kxd8 30. g5) 29... gxf5 $11 30. exf5 Nc7 31. Bc4 Be8 32. g5 {[#] Threatens to win with Ne4.} b5 33. Bg8 Bh5 (33... Bc6 $11 {keeps the balance.} 34. Bxh7 Rd4) 34. Bxh7 $16 {And now Bg6 would win.} c4 (34... Rd4 $142) 35. bxc4 bxc4 36. Rc1 Rd3+ 37. Kf2 Rd2+ 38. Kg1 {Strongly threatening Ne4.} Rd4 39. Re1+ Kf8 $1 40. Ne4 Nd5 41. gxf6 {[%cal Bg5f6,Bf6f7][%mdl 32] Bg6 is the strong threat.} c3 42. Bg6 c2 {aiming for ...Rd1.} 43. Ng5 {[%csl Gg6][%cal Re1e8]} ({But not} 43. Bxh5 Rxe4 44. Rc1 Nf4 $17) 43... Ne3 $2 {[%mdl 8192] [#]} (43... Rg4+ $11 44. Kf2 Bxg6 45. fxg6 Nxf6) 44. Ne6+ Kg8 45. f7+ {Precision: White = 48%, Black = 43%.} 1-0

[Event "11th Tal Memorial Blitz 2018"]
[Site "Moscow"]
[Date "2018.03.05"]
[Round "6"]
[White "Anand, Viswanathan"]
[Black "Nepomniachtchi, Ian"]
[Result "0-1"]
[WhiteElo "2801"]
[BlackElo "2768"]
[Annotator "TA"]
[PlyCount "104"]
[EventDate "2018.??.??"]
[EventType "blitz"]
[EventCountry "RUS"]
[SourceTitle "playchess.com"]
[Source "ChessBase"]
[SourceQuality "1"]

{[%evp 11,104,16,77,38,40,40,41,13,6,6,12,9,7,3,20,10,28,28,35,35,26,31,18,24,28,27,48,25,25,25,25,23,19,17,19,15,26,20,18,2,10,0,0,0,0,-5,0,-4,-5,-23,-32,-21,-10,-75,-58,-66,-58,-58,-49,-116,-113,-124,-112,-112,-87,-185,-184,-183,-98,-163,-129,-122,-124,-157,-137,-388,-305,-1116,-1144,-1075,-1135,-806,-624,-1135,-1054,-1119,-1106,-1092,-1068,-1004,-973,-1006,-957,-895,-814]} 1. e4 g6 2. d4 Bg7 3. Nc3 d6 4. f4 Nf6 5. Nf3 O-O 6. a3 Bg4 {LiveBook: 13 Games. B09: Pirc Defence: Austrian Attack} (6... Nc6 $11) (6... Nc6 7. Be3 b6 8. e5 Ng4 9. Bg1 Nh6 10. Bd3 f6 11. Be4 Bb7 12. e6 f5 13. Bxc6 Bxc6 14. d5 {1-0 (68) Anand,V (2782)-Petrosian,T (2601) Riadh 2017}) 7. Be2 (7. h3 $5 {[%cal Rh3g4]} Bxf3 8. Qxf3 $11) 7... Bxf3 (7... Nc6 8. d5 Nb8 9. h3 Bxf3 10. Bxf3 c6 11. Be3 Nbd7 12. O-O Rc8 13. Bd4 Nb6 14. b3 {½-½ (63) Anand,V (2783)-Nepomniachtchi,I (2751) Saint Louis 2017}) 8. Bxf3 {[#] Strongly threatening e5.} e5 $146 {White is slightly better.} ({Predecessor:} 8... c6 9. Be3 Na6 10. Qd2 b5 11. e5 dxe5 12. dxe5 Qxd2+ 13. Bxd2 b4 14. exf6 bxc3 15. Bxc3 Bxf6 16. Bxf6 exf6 17. Bxc6 {1-0 (39) Borkowski,A-Ambrose,A Monmouth 2004}) 9. fxe5 (9. dxe5 {is interesting.} dxe5 10. Qxd8 Rxd8 11. fxe5 Nfd7 12. Bg5) 9... dxe5 10. d5 c6 $1 11. dxc6 Nxc6 12. Qxd8 Rfxd8 13. Bg5 Nd4 14. O-O-O Rac8 15. Kb1 h6 16. Bxf6 Bxf6 17. Nd5 Kg7 18. c3 Nc6 19. Rd3 Ne7 20. Rhd1 Nxd5 21. Rxd5 Rxd5 22. Rxd5 $11 {[%mdl 4096] Endgame KRB-KRB} Rc7 23. Kc2 b6 24. Be2 Bg5 25. g3 Re7 26. Bc4 f5 27. Kd3 Bc1 28. Kc2 Be3 29. exf5 gxf5 30. Bb5 Bg1 31. h3 h5 {[%cal Bh6h5,Bh5h4,Bh4h3,Bh3h2][%mdl 32]} 32. Be2 (32. Bd7 $11) 32... Bf2 33. g4 fxg4 34. hxg4 h4 35. Rd1 (35. Bf1 $15) 35... Bg3 $17 36. Kd3 h3 37. Ke4 h2 38. Bf3 (38. Kf3 $17 {was necessary.} Bf4 39. Kg2) 38... Rf7 $19 39. Ke3 Bf4+ (39... Kh6 $19 40. b3 Kg5) 40. Ke2 (40. Kf2 $17 {might work better.}) 40... Kf6 41. Kf2 Kg5 42. c4 {[#]} Bc1 $1 {[%mdl 512]} 43. Rxc1 $2 $17 {[%mdl 8192] KRB-KR} (43. Kg3 $17 {was worth a try.} Bxb2 44. Bd5) 43... e4 $1 $19 {[%cal Be5e4,Be4f3][%mdl 32]} 44. Kg2 $2 (44. Kg3 Rxf3+ 45. Kxh2) 44... exf3+ {Black is clearly winning.} 45. Kxh2 Kxg4 {KR-KR} 46. Rg1+ Kf4 {[%cal Rf7h7]} 47. Rg8 Rd7 48. Kg1 Rd1+ 49. Kf2 Rd2+ 50. Kf1 Rxb2 51. Ra8 Ke3 {[%cal Rb2b1]} 52. Re8+ Kd4 {Precision: White = 29%, Black = 69%.} 0-1

[Event "11th Tal Memorial Blitz 2018"]
[Site "Moscow"]
[Date "2018.03.05"]
[Round "6"]
[White "Svidler, Peter"]
[Black "Karjakin, Sergey"]
[Result "0-1"]
[WhiteElo "2793"]
[BlackElo "2868"]
[Annotator "TA"]
[PlyCount "68"]
[EventDate "2018.??.??"]
[EventType "blitz"]
[EventCountry "RUS"]
[SourceTitle "playchess.com"]
[Source "ChessBase"]
[SourceQuality "1"]

{[%evp 12,68,10,4,5,10,14,12,20,10,33,0,0,-7,-6,-13,-8,0,0,-20,0,0,0,0,11,12,39,0,0,0,0,20,16,12,28,0,16,16,10,0,0,-5,0,-6,0,0,10,0,0,-56,-52,-145,-171,-430,-366,-594,-594,-565,-562]} 1. Nf3 d5 2. g3 c6 3. Bg2 Nf6 4. O-O Bg4 5. c4 e6 6. cxd5 {A11: English Opening: 1...c6} (6. d3 Bd6 7. Nc3 O-O 8. Be3 Nbd7 9. Qb3 Qb8 10. a3 Re8 11. Rfc1 Bh5 12. Qc2 a5 13. b3 h6 14. Qb2 {0-1 (67) Pantsulaia,L (2612)-Carlsen,M (2837) Riadh 2017}) 6... cxd5 7. Qb3 {LiveBook: 5 Games} Qb6 8. Qxb6 {The position is equal.} axb6 9. Nc3 Nc6 $146 ({Predecessor:} 9... Be7 10. Nd4 O-O 11. Ndb5 Nc6 12. d4 h6 13. f3 Bh5 {½-½ (57) Thompson,B (2299)-Stanila,E ICCF email 2015}) 10. d3 Nd7 11. Bf4 Be7 12. Rfc1 O-O 13. h3 Bxf3 14. Bxf3 Bf6 15. Kf1 Ra6 16. e4 dxe4 17. dxe4 Nc5 18. Be2 Ra5 19. Rab1 {[#] And now b4 would win.} Bxc3 20. bxc3 Rxa2 21. Rxb6 Rc8 22. Be3 Na5 23. Rb4 h6 24. e5 Na4 25. Rg4 Kf8 26. c4 Nc5 27. Rd1 Nab3 28. Rf4 {Black must now prevent Bh5.} Ke8 29. Bh5 Rc7 30. Rg4 (30. Kg2 $11) 30... g6 $36 {[%mdl 2048] Black has some pressure.} 31. Bxh6 {[#]} ({Better is} 31. Bxg6 $15 fxg6 32. Rxg6) 31... Rd7 $1 $17 {[%cal Rd7d1]} 32. Rg5 $2 (32. Rxd7 Kxd7 33. Bxg6 fxg6 34. Rxg6) 32... Ne4 33. Rxg6 $2 (33. Rxd7 {keeps fighting.} Kxd7 34. Rg4 Ned2+ 35. Kg2 gxh5 36. Rf4) 33... Rxd1+ $19 34. Bxd1 {Rg8+ is the strong threat.} Ned2+ {Precision: White = 25%, Black = 55%.} 0-1

[Event "11th Tal Memorial Blitz 2018"]
[Site "Moscow"]
[Date "2018.03.05"]
[Round "6"]
[White "Kramnik, Vladimir"]
[Black "Dubov, Daniil"]
[Result "0-1"]
[WhiteElo "2784"]
[BlackElo "2767"]
[Annotator "TA"]
[PlyCount "94"]
[EventDate "2018.??.??"]
[EventType "blitz"]
[EventCountry "RUS"]
[SourceTitle "playchess.com"]
[Source "ChessBase"]
[SourceQuality "1"]

{[%evp 9,94,67,62,58,91,91,83,60,76,72,83,80,90,66,91,3,4,5,10,10,42,-12,0,0,8,8,8,7,0,2,11,0,0,-58,-50,-58,-40,-39,-26,-85,0,0,0,0,0,-193,-184,-225,-213,-205,-208,-194,-144,-192,-168,-221,-187,-182,-176,-167,-122,-136,0,-241,0,0,0,0,0,0,-38,-329,-335,-340,-361,-768,-762,-783,-783,-1954,-12835,-9906,-5029,-2672,-1773,-1432,-1413]} 1. d4 c6 2. e4 d6 3. c4 Nd7 (3... e5 4. Nc3 g6 5. f4 exf4 6. Bxf4 Bh6 7. Qd2 Bxf4 8. Qxf4 Qf6 9. Qe3 Ne7 10. Bd3 Nd7 11. O-O-O c5 12. e5 dxe5 {½-½ (42) Zvjaginsev,V (2659)-Kamsky,G (2741) Khanty-Mansiysk 2013}) 4. Nc3 h6 5. g3 e5 $146 ({Predecessor:} 5... g5 6. Bg2 Bg7 7. Nge2 Nf8 8. f4 Qb6 9. fxg5 hxg5 10. Bxg5 Bg4 11. Qd2 {1-0 (56) Rakhmangulova,A (2248)-Malakhova,E (2337) Zhitomir 2017}) 6. Nge2 {B12: Caro-Kann: Advance Variation} g6 7. Bg2 Bg7 8. O-O {White is better.} h5 9. d5 c5 10. h4 a6 11. a4 Bh6 12. a5 (12. Bxh6 $16 Nxh6 13. b3) 12... g5 $1 $11 13. hxg5 Bxg5 14. f4 Bh6 15. Bh3 (15. Qe1 $14) 15... Ngf6 16. Kg2 h4 17. Rh1 $1 {White wants to play Bxd7+.} ({Of course not} 17. gxh4 exf4 18. Bxf4 Bxf4 $17) 17... Rg8 18. Bxd7+ $1 Nxd7 19. f5 Bg5 20. Kf3 hxg3 21. Kg2 (21. Nxg3 $11 b6 22. Nge2) 21... Bxc1 $15 22. Qxc1 Nf6 {[%cal Bd7f6,Bf6g4,Bg4e3][%mdl 32]} (22... b5 $5) 23. Qh6 Bd7 24. Rh3 (24. Nxg3 $11 b5 25. Kf3) 24... Qe7 (24... b5 $17 25. axb6 (25. Rxg3 Ke7 $17) 25... Ke7) 25. Rxg3 $11 O-O-O 26. Rh1 $1 Ng4 27. Qh4 $2 (27. Qc1 $11) 27... Ne3+ $19 28. Kf3 Qxh4 29. Rxh4 {Black must now prevent Rxg8.} Nxc4 30. Rh7 Rgf8 ({Don't play} 30... Nxa5 31. Rxf7 Nc4 32. Rxg8 $17) 31. Rgg7 Be8 32. Ng3 (32. Nd1 {was worth a try.}) 32... Nxa5 33. Nh5 b5 {[%cal Bb7b5,Bb5b4][%mdl 32]} 34. Nf6 b4 $1 {[%cal Rb4c3]} 35. Nd1 Nb3 (35... Ba4 $17 36. Ne3 Bb5 37. Rxf7 Rxf7 38. Rxf7 c4) 36. Ne3 $2 {[#]} (36. Nxe8 $11 {and White stays safe.} Rdxe8 37. Ne3) 36... Nd4+ $2 (36... Bb5 $1 $19 {...Nd2+ is the strong threat.} 37. Kg4 Nd4 38. Rxf7 Rxf7 39. Rxf7 c4) 37. Kf2 $1 $15 Bb5 38. Rxf7 Rxf7 39. Rxf7 a5 {[%cal Ba6a5,Ba5a4][%mdl 32] Hoping for ...a4.} 40. Ra7 $2 {[%mdl 8192]} (40. Nh7 $1 $15) 40... a4 $19 41. Nh7 {And now f6 would win.} Rd7 42. Rxd7 $2 (42. Ra8+ Kb7 43. Rh8) 42... Kxd7 {KBN-KNN. Black is clearly winning.} 43. f6 Ke8 44. Ng5 a3 45. bxa3 bxa3 46. f7+ Kf8 47. Ng4 {[#]} Be8 $1 {[%mdl 512] Precision: White = 53%, Black = 74%.} 0-1

[Event "11th Tal Memorial Blitz 2018"]
[Site "Moscow"]
[Date "2018.03.05"]
[Round "6"]
[White "Artemiev, Vladislav"]
[Black "Mamedyarov, Shakhriyar"]
[Result "1/2-1/2"]
[WhiteElo "2697"]
[BlackElo "2714"]
[Annotator "TA"]
[PlyCount "150"]
[EventDate "2018.??.??"]
[EventType "blitz"]
[EventCountry "RUS"]
[SourceTitle "playchess.com"]
[Source "ChessBase"]
[SourceQuality "1"]

{[%evp 13,150,27,40,-4,0,-25,7,2,8,8,19,13,9,12,14,14,36,32,32,0,40,0,0,0,0,0,35,44,43,33,39,25,18,0,0,0,0,-16,-20,-62,0,-13,0,-4,248,234,246,237,271,260,264,235,230,230,198,204,232,85,122,80,69,70,213,201,225,163,241,100,102,64,95,0,875,471,861,855,864,789,757,610,748,46,46,47,47,47,47,48,49,28,47,35,31,35,59,59,59,18,17,14,55,52,59,44,40,0,59,59,72,72,72,72,72,72,72,72,72,72,72,71,71,71,72,72,72,72,72,72,72,72,72,72,72,72,72,72,72,8,8]} 1. Nf3 Nf6 2. g3 g6 3. b3 Bg7 4. Bb2 O-O 5. Bg2 d6 6. d4 c5 7. c4 Ne4 {LiveBook: 60 Games} 8. Qc2 {E60: King's Indian: Unusual lines and Fianchetto Variation without Nc3} (8. O-O Nc6 9. h3 Bf5 10. e3 Nf6 11. Nc3 cxd4 12. Nxd4 Bd7 13. Qe2 a6 14. Rfd1 Rc8 15. Rac1 Qa5 16. a3 Rfe8 {1-0 (33) Kramnik,V (2783)-Caruana,F (2811) Zuerich 2015}) 8... Qa5+ 9. Nbd2 Bf5 10. Nh4 (10. Qc1 {with more complications.} Na6 11. d5 Nc3 12. Kf1 e6 13. dxe6 Bxe6 14. Ng5) 10... Nxg3 11. Nxf5 $146 ({Predecessor:} 11. e4 Nxh1 12. exf5 Nc6 13. Bxh1 cxd4 14. a3 d3 15. Qb1 Bc3 {0-1 (27) Galperin,P (2332)-Budnikov,O (2422) Lutsk 2018}) 11... Nxf5 12. Bxb7 Nxd4 13. Bxd4 Bxd4 14. Rd1 Na6 15. Bxa8 Rxa8 16. O-O Re8 17. e3 Nb4 18. Qe4 Bf6 19. a4 {[%cal Ba2a4,Ba4a5][%mdl 32]} Na2 20. Qc6 Rb8 21. Ne4 Bg7 22. Qd7 Bf8 $1 23. Rd3 Qb6 24. a5 Qa6 25. f4 Nb4 26. Rd2 Nc6 (26... Qc6 $1 $15 27. Qxc6 Nxc6) 27. Ng5 {aiming for Rxd6!} Qc8 28. Rxd6 {Strongly threatening Qxc8.} Nxa5 $2 {[%mdl 8192]} (28... h6 $1 $11 {and Black has nothing to worry.} 29. Qxc6 (29. Qxc8 Rxc8 30. Rxc6 Rxc6 $15) 29... exd6 30. Qxc8 Rxc8) 29. Qxc8 $18 Rxc8 30. Ra6 Nxb3 31. Rd1 ({Less strong is} 31. Rxa7 Nd2 $16) 31... Rc7 32. Ra3 Rb7 33. Ne4 {[%mdl 1024] White has strong compensation.} Rb4 34. Rd8 a5 35. Rc8 (35. Nc3 $18 {and the rest is easy.}) 35... e6 36. Nf6+ Kg7 37. Ne8+ Kh6 {[#]} (37... Kg8 $14) 38. Rc7 $1 {[%cal Rc7f7]} Bg7 39. Rxf7 Bc3 (39... Bb2 {keeps fighting.} 40. Ra2 Nd2) 40. h4 (40. Nd6 $18) 40... Kh5 $16 41. Rxh7+ Kg4 42. Kg2 (42. Rh6 $16) 42... Bd2 $2 {[%mdl 8192]} (42... Bb2 $11 43. Ra2 Nc1 44. Rxa5 Rxc4) 43. Nf6+ $18 Kf5 44. Rf7 {[#] Threatening mate with Kf3.} Bxe3 45. Kf3 {[%cal Rf6h7]} Nd2+ 46. Ke2 Nxc4 47. Rxe3 $2 ({White has to play} 47. Nd5+ $1 $18 Kg4 48. Nxe3+ Nxe3 49. Kxe3) 47... Nxe3 $14 48. Kxe3 $18 {[%mdl 4096] Endgame KRN-KR} Rb3+ 49. Kd2 {Black must now prevent Nd7+.} Kxf4 50. Nd7+ Kg4 51. Rh7 Rb5 52. Ne5+ Kf5 53. Nc4 {Threatens to win with Nd6+.} Kg4 54. Rh6 a4 55. Kc3 Rb3+ 56. Kc2 Rb4 57. Rxg6+ Kxh4 58. Kc3 Rb3+ 59. Kc2 Rb4 60. Ne5 a3 61. Rxe6 Ra4 62. Kb1 a2+ 63. Ka1 Kg5 64. Rc6 Kf5 65. Rxc5 Ke4 66. Nc6 Kd3 67. Rh5 Re4 68. Kxa2 Kc4 69. Ne5+ Kd4 70. Nf3+ Ke3 71. Ng5 Re5 72. Rh3+ Kf4 73. Nf7 Re7 74. Nd6 Re1 75. Kb3 ({White should play} 75. Rh8 $16) 75... Re3+ {Precision: White = 53%, Black = 45%.} 1/2-1/2

[Event "11th Tal Memorial Blitz 2018"]
[Site "Moscow"]
[Date "2018.03.05"]
[Round "6"]
[White "Morozevich, Alexander"]
[Black "Fedoseev, Vladimir"]
[Result "1-0"]
[WhiteElo "2665"]
[BlackElo "2724"]
[Annotator "TA"]
[PlyCount "55"]
[EventDate "2018.??.??"]
[EventType "blitz"]
[EventCountry "RUS"]
[SourceTitle "playchess.com"]
[Source "ChessBase"]
[SourceQuality "1"]

{[%evp 12,55,20,-2,31,30,46,27,56,62,69,20,35,20,108,109,118,120,117,118,118,91,129,122,161,161,171,182,282,254,280,279,267,236,266,237,306,385,535,354,363,348,1298,1309,29990,29991]} 1. e4 c5 2. Nf3 d6 3. d4 cxd4 4. Nxd4 Nf6 5. Nc3 a6 6. Be3 e6 7. f3 h5 {B80: Sicilian Scheveningen: 6 g3 and 6 Be3, including English Attack} (7... b5 8. Qd2 b4 9. Na4 Nbd7 10. O-O-O Qa5 11. b3 Bb7 12. a3 Qc7 13. axb4 d5 14. Bf2 Bd6 15. exd5 Nxd5 16. Bg3 {1-0 (36) Nakamura,H (2781)-Grandelius,N (2647) Caleta 2018}) 8. Qd2 Nbd7 9. a4 b6 {White has an edge.} 10. Bc4 {And now Bxe6! would win.} Qc7 $146 ({Predecessor:} 10... Ne5 11. Bb3 Bd7 12. O-O Qc7 13. Qe2 Be7 14. Kh1 h4 15. Rad1 {0-1 (39) Owczarzak,J (2328)-Moranda,W (2545) Polanica Zdroj 2009}) 11. Bxe6 fxe6 12. Nxe6 Qc4 (12... Qc6 $1 $11 {remains equal.}) 13. Nxf8 $16 Rxf8 14. Qxd6 {e5 is the strong threat.} Kf7 15. O-O-O $36 {[%mdl 3072] White has strong compensation. White is really pushing.} Re8 16. h3 (16. Bxb6 $2 Re6 $19) 16... Re6 17. Qf4 Ne5 {[#]} 18. g4 $1 {[%cal Bg2g4,Bg4g5][%mdl 32]} Ng6 19. Qh2 b5 (19... Bb7 {keeps fighting.}) 20. g5 Nd7 {[#]} 21. Rd4 $1 {[%cal Rd4c4]} Qc6 22. f4 {[%cal Bf3f4,Bf4f5][%mdl 32]} Re8 23. Rhd1 bxa4 {next ...a3! is good for Black.} 24. Rd6 (24. Rxa4 Nb6 $16) 24... Qb7 25. Qe2 {Black must now prevent Qc4+.} Ndf8 26. f5 ({Not} 26. Qxh5 a3 $16) 26... Ne5 $2 (26... Be6 27. fxg6+ Kg8 28. Qxh5 a3) 27. Qxh5+ $18 g6 28. Qh8 {Precision: White = 75%, Black = 36%.} 1-0